| 000 | 01582cam a22004694i 4500 | ||
|---|---|---|---|
| 003 | PE-LiUPU | ||
| 005 | 20250731173135.0 | ||
| 008 | 150623s r 000 0 d | ||
| 020 | _a0310470315 | ||
| 035 | _a(Sirsi) i9780310470311 | ||
| 040 |
_aPE-LiUPU _bspa _cPE-LiUPU _erda |
||
| 049 | _aPRUA | ||
| 082 | 0 | 4 |
_a248.4 _bC71 _221 |
| 100 | 1 |
_aColson, Charles W., _eautor. |
|
| 245 | 1 | 0 |
_aLoving God / _cCharles W. Colson. |
| 264 | 1 |
_aGrand Rapids, Michigan : _bZondervan Publishing House, _c1987. |
|
| 300 |
_a301 páginas ; _c23 centímetros |
||
| 336 |
_atext _2rdacontent |
||
| 337 |
_aunmediated _2rdamedia |
||
| 338 |
_avolume _2rdacarrier |
||
| 504 | _aIncluye referencias bibliográficas. | ||
| 505 | 0 | _aObedience. -The word of God. -Sin and repentance. -The hunger for holiness. -The holy nation. -Lovin God. -Study guide. | |
| 526 | _aSEG42 | ||
| 526 | _aSEG41 | ||
| 526 | _aSEG40 | ||
| 526 | _aSEG39 | ||
| 526 | _aP94 | ||
| 526 | _aP87 | ||
| 526 | _aP86 | ||
| 526 | _aP85 | ||
| 526 | _aP77 | ||
| 526 | _aP76 | ||
| 526 | _aP35 | ||
| 650 | 0 | 4 |
_aCristianismo _ySiglo XX. |
| 650 | 0 | 4 | _aVida cristiana. |
| 942 |
_2ddc _cBOOK |
||
| 949 |
_a248.4 C71 _wDEWEY _c1 _i52217 _lCCODEBUL1 _mBUL _p8.00 _r0 _sY _tBOOK _u2015-6-24 _xTEOLOGIA _PP35 _0COMPRA _o.STAFF. Colección General |
||
| 994 |
_aC0 _bPEPRU |
||
| 596 | _a1 | ||
| 999 |
_a248.4 C71 _wDEWEY _c34029 _i52217 _f2021-11-11 _g5 _lCCODEBUL1 _mBUL _p8.00 _r0 _sY _tBOOK _u2015-6-24 _xTEOLOGIA _PP35 _0COMPRA _o.STAFF. Colección General _d34029 |
||
| 980 |
_81 _gALBERTO SANCHEZ Responsable de Automatización |
||